00000000nam 2200000zi 4500
0019.841807
003CaOODSP
00520221107152158
006m     o  d f      
007cr |||||||||||
008170816t20172017onco   #o    f000 0 eng d
020 |a9780660093598
040 |aCaOODSP|beng|erda|cCaOODSP
043 |an-cn---
0861 |aFo4-62/2017E-PDF
24500|aImporting illegal forest products : |bknow the rules, avoid the penalties.
24610|aKnow the rules, avoid the penalties
264 1|a[Ottawa] : |bNatural Resources Canada, Canadian Forest Service, |c[2017]
264 4|c©2017
300 |a1 online resource ([5] pages) : |bphotographs
336 |atext|btxt|2rdacontent
337 |acomputer|bc|2rdamedia
338 |aonline resource|bcr|2rdacarrier
500 |aTitle from caption.
500 |aIssued also in French under title: Importation de produits forestiers récoltés illégalement : connaître les règles pour éviter les sanctions.
520 |a"The Government of Canada is committed to combatting the illegal trade in forest products. The trade in illegally harvested timber is worth between US$30 billion and $100 billion, or 10 to 30 percent of global wood trade, according to INTERPOL and the United Nations Environment Programme. Illegal forest products also play a significant role in financing organized crime and contribute to the decline of endangered tree species and habitat for forest-dependent species"--page [1].
69207|2gccst|aForestry products
69207|2gccst|aImports
69207|2gccst|aTrade policy
7101 |aCanada. |bNatural Resources Canada.
7102 |aCanadian Forest Service.
77508|tImportation de produits forestiers récoltés illégalement : |w(CaOODSP)9.841809
795 |tImporting illegal forest products |w(CaOODSP)9.804832
85640|qPDF|s1.34 MB|uhttps://publications.gc.ca/collections/collection_2019/rncan-nrcan/Fo4-62-2017-eng.pdf